|
|
|
|
| LEADER |
00000nab a2200000 a 4500 |
| 001 |
vtls000764673 |
| 003 |
SK-MaSNL |
| 005 |
20260304111929.0 |
| 008 |
250429c2001 xo 0 slo |
| 015 |
|
|
|a SNBRB2001/08-23456
|
| 035 |
|
|
|a CLN000116460
|
| 035 |
|
|
|a urn:nbn:sk:snk-abm2w
|
| 035 |
|
|
|a (urnnbn)urn:nbn:sk:snk:ar-a048hd
|
| 035 |
|
|
|a (uuid)45189821-f281-4552-ba4b-aebd00a1f5be
|
| 040 |
|
|
|a SNKBUCL
|b slo
|c SNKBUCL
|e AACR2
|
| 041 |
0 |
|
|a eng
|
| 044 |
|
|
|a xo
|c SK
|
| 080 |
|
|
|a 621.39
|2 1997
|
| 080 |
|
|
|a 519.7
|2 1997
|
| 100 |
1 |
|
|a Zaks, Shmuel
|4 aut
|9 1413178
|
| 245 |
1 |
0 |
|a Design issues in ATM and optical networks
|c Shmuel Zaks
|
| 300 |
|
|
|b Fotogr., sch.
|
| 504 |
|
|
|a Res. angl.
|
| 504 |
|
|
|a Bibliogr. odkazy
|
| 504 |
|
|
|a Biogr. údaje
|
| 650 |
0 |
7 |
|a siete komunikačné
|x modely graficko-teoretické
|2 snkbucl
|9 1413179
|
| 650 |
0 |
7 |
|a siete ATM
|2 snkbucl
|9 845961
|
| 650 |
0 |
7 |
|a optické siete
|2 snkbucl
|9 94156
|
| 655 |
|
7 |
|a články z novín a časopisov
|2 snkbucl
|9 267496
|
| 773 |
0 |
|
|t Computing and informatics
|g Roč. 20, č. 2 (2001), s. 207-224
|x 0232-0274
|
| 850 |
|
|
|a Slovenská národná knižnica
|
| 852 |
|
|
|a Slovenská národná knižnica
|
| 958 |
|
|
|a article27
|
| 958 |
|
|
|a NB
|
| 958 |
|
|
|a OND
|
| 958 |
|
|
|a EUIPO
|
| 999 |
|
|
|c 2863549
|d 2865479
|